000
00237nam a2200097Ia 4500
008
210430s9999 xx 000 0 und d
082
_a
301 H3891 H
100
_a
Amos H.Hawley
245
_a
Human Ecology
_c
Amos H.Hawley
942
_c
BK
_2
ddc
999
_c
563256
_d
563256